01506nam a2200121 45000010006000000050017000060100018000231000041000412000029000822140037001113300779001487000457009271403520260310162240.0 a9782493939265 a20260310d u||y0frey50 ba aLa Voix des meutesbLIVR cLe Pôticha éditionle poticha a"La voix des meutes" est une compilation rassemblant la presque totalité des textes publiés entre 2021 et 2024 par le Pôticha. Cette compilation sort en édition limitée dans le cadre des 5 ans de notre maison d'édition associative. Avec les textes de MATHİLDE SOULHEBAN * MATHİLDE SEGONDS * ÉLIO JACQUEL * ROMANE NiCOLAS * ANODRADHA RUGHOONUNDUN* iSABELLE GASPAR* MAXiME BRiLLON * LAURiE GUiN* KARİMA EL KHARRAZE * SOPHIE BAZY * CAMILLE FERRAND * LINDA MCLEAN* SARAH VER-MANDE * BLANDİNE PÉLiSSIER *LYDIE TAMISIER * CLÉMENCE ATTAR * MAG LÉVÊDUE * NOAH -DAI TRUONG* SAMAËLE STEINER * AÏCHA EUZET* LEILA CASSAR * MARWANE LAKHAL * HAÏLA HESSOU* THÉO PERRACHE * THÉOPHILE DUBUS* SOUS LA DIRECTiON DE : MAËVA MEUNIER & ROMANE NICOLAS aMATHİLDE SOULHEBAN * MATHİLDE SEGONDS * ÉLIO JACQUEL * ROMANE NiCOLAS * ANODRADHA RUGHOONUNDUN* iSABELLE GASPAR* MAXiME BRiLLON * LAURiE GUiN* KARİMA EL KHARRAZE * SOPHIE BAZY * CAMILLE FERRAND * LINDA MCLEAN* SARAH VER-MANDE * BLANDİNE PÉLiSSIER *LYDIE TAMISIER * CLÉMENCE ATTAR * MAG LÉVÊDUE * NOAH -DAI TRUONG* SAMAËLE STEINER * AÏCHA EUZET* LEILA CASSAR * MARWANE LAKHAL * HAÏLA HESSOU* THÉO PERRACHE * THÉOPHILE DUBUS*